Sports Quiz

Random Sports or NBA Quiz

NBA Players College Quiz Stats

 Plays Quiz not verified by Sporcle

Challenge
Share
Tweet
Embed
Score 0/20 Timer 10:00
0 Plays Today
Player College % Correct
Derrick RoseMemphis
88.4%
Gordon HaywardButler
85.1%
Jeremy LinHarvard
84.5%
Kelly OlynykGonzaga
75.1%
Kyle SinglerDuke
65.7%
Nik StauskasMichigan
64.6%
Cole AldrichKansas
49.7%
Kenneth FariedMorehead St
48.6%
Paul MillsapLouisiana Tech
47.5%
David WestXavier
46.4%
Player College % Correct
Nick YoungUSC
44.2%
Mike MillerFlorida
40.9%
Terrence RossWashington
38.1%
Jon LeuerWisconsin
37%
George HillIUPUI
35.4%
Luc Mbah a MouteUCLA
33.7%
Elfrid PaytonLouisiana-Lafayette
32%
JaVale McGeeNevada
29.3%
Tony SnellNew Mexico
27.1%
Tobias HarrisTennesee
14.4%

You're not logged in!

Compare scores with friends on all Sporcle quizzes.
OR
Log In

You Might Also Like...

Show Comments

Extras

Top Quizzes Today


Score Distribution

Your Account Isn't Verified!

In order to create a playlist on Sporcle, you need to verify the email address you used during registration. Go to your Sporcle Settings to finish the process.

Report this User

Report this user for behavior that violates our Community Guidelines.

Details: